00720 2200253 4500001002100000001002100021005001500042035002400057040001200081082001800093084002000111090001400131090002000145245002700165245006800192250002700260260003100287260003200318300005800350650001000408990001600418990001600434990001600450YOGYA000000000001146YOGYA00000000000114620140822085025 0010-081400000001186 aYOPDYOG 2[22]a746.662 aCoE 746.662 War a297 Rah i aCoE 746.662 War aIslamcRahman , Fazlur aWARNA-WARNI batik kontemporerb: Amazing batik [Rekaman Video]. aEdisi Bahasa Indonesia aJakartabBumi Aksarac1992 aYogyakartabYogya TVc2013. a1 CD (13 menit)b: digital, stereoc; 4 3/4 in (3 CD) aBatik a109007-P/98 a109008-P/98 a109009-P/98